000 00317nam a2200133Ia 4500
005 20251222141914.0
008 251222s9999||||xx |||||||||||||| ||spa||
020 _a84-86703-00-X
082 _a657.42/A52C
100 _aAmat Salas, Joan María
245 0 _aContabilidad de Costes
264 _bGestión
942 _cLIB
999 _c8495
_d8495